[Event "FRA-chT2 Nord (Women)"]
[Site "France"]
[Date "2005.02.??"]
[Round "1"]
[White "Prevost, Elisabeth"]
[Black "Pochol, Camille"]
[Result "1-0"]
[WhiteElo "1350"]
[BlackElo "1250"]
[PlyCount "57"]
[EventDate "2005.03.01"]
[EventType "team"]
[EventRounds "3"]
[EventCountry "FRA"]
[SourceTitle "EXT 2007"]
[Source "ChessBase"]
[SourceDate "2006.11.23"]
[SourceVersion "1"]
[SourceVersionDate "2006.11.23"]
[SourceQuality "1"]

1. e4 e5 2. Nf3 Nc6 3. Bc4 h6 4. 0-0 Bc5 5. Nc3 Nf6 6. d3 a6 7. a4 d6 8. Be3 Nd4 9. h3 Bd7 10. Re1 Nh5 11. Nxd4 g6 12. Nb3 Bb4 13. Qf3 Rh7 14. Bd2 Qh4 15. Re3 Nf4 16. Qg3 Qh5 17. Rf3 g5 18. Bxf4 exf4 19. Rxf4 Rg7 20. Nd5 0-0-0 21. Nxb4 c6 22. Rf6 Rg6 23. Bxf7 Be6 24. Bxe6+ Kc7 25. Rf7+ Kb8 26. Nd4 Ka8 27. Ndxc6 bxc6 28. Nxc6 Rxe6 29. Ra7# 1-0